Ghana: Vision 2020 - the first step: 1996-2000. / (Record no. 7753)
[ view plain ]
| 000 -LEADER | |
|---|---|
| fixed length control field | 00956nam a22002177a 4500 |
| 003 - CONTROL NUMBER IDENTIFIER | |
| control field | OSt |
| 005 - DATE AND TIME OF LATEST TRANSACTION | |
| control field | 20210730140139.0 |
| 008 - FIXED-LENGTH DATA ELEMENTS--GENERAL INFORMATION | |
| fixed length control field | 111215t xxu||||| |||| 00| 0 eng d |
| 040 ## - CATALOGING SOURCE | |
| Transcribing agency | LC |
| 050 ## - LIBRARY OF CONGRESS CALL NUMBER | |
| Classification number | HC1060.G41 |
| 110 ## - MAIN ENTRY--CORPORATE NAME | |
| Corporate name or jurisdiction name as entry element | Ghana |
| 245 ## - TITLE STATEMENT | |
| Title | Ghana: Vision 2020 - the first step: 1996-2000. / |
| Statement of responsibility, etc. | [Office of the President] |
| Remainder of title | Presidential report on co-ordinated programme of economic and social development policies. |
| 246 ## - VARYING FORM OF TITLE | |
| Title proper/short title | Policies for the preparation of 1996-2000 development plan |
| 260 ## - PUBLICATION, DISTRIBUTION, ETC. | |
| Place of publication, distribution, etc. | Accra: |
| Name of publisher, distributor, etc. | Assembly Press, |
| Date of publication, distribution, etc. | 1995. |
| 300 ## - PHYSICAL DESCRIPTION | |
| Extent | xi, 86 p. |
| Other physical details | ill. |
| 500 ## - GENERAL NOTE | |
| General note | Pamphlet (spiral binding) |
| 505 ## - FORMATTED CONTENTS NOTE | |
| Formatted contents note | Contents: Introduction -- Current level of development -- Long-term objectives - Objectives, opportunities and constraints - Objectives of e medium-term programme - Sectoral and geographical allocation of development expenditure - |
| 650 ## - SUBJECT ADDED ENTRY--TOPICAL TERM | |
| Topical term or geographic name entry element | Economic development. |
| 653 ## - INDEX TERM--UNCONTROLLED | |
| Uncontrolled term | Economic planning -- Ghana |
| 942 ## - ADDED ENTRY ELEMENTS (KOHA) | |
| Source of classification or shelving scheme | Library of Congress Classification |
| Koha item type | Books |
| Withdrawn status | Lost status | Source of classification or shelving scheme | Damaged status | Not for loan | Home library | Current library | Shelving location | Date acquired | Full call number | Barcode | Date last seen | Copy number | Price effective from | Koha item type |
|---|---|---|---|---|---|---|---|---|---|---|---|---|---|---|
| Library of Congress Classification | WISCONSIN INTERNATIONAL UNIVERSITY COLLEGE, GHANA KUMASI LIBRARY | WISCONSIN INTERNATIONAL UNIVERSITY COLLEGE, GHANA KUMASI LIBRARY | General Stacks | 25/10/2019 | HC1060.G41 | K/690/690/19 | 30/07/2021 | 1 | 30/07/2021 | Books | ||||
| Library of Congress Classification | WISCONSIN INTERNATIONAL UNIVERSITY COLLEGE, GHANA KUMASI LIBRARY | WISCONSIN INTERNATIONAL UNIVERSITY COLLEGE, GHANA KUMASI LIBRARY | General Stacks | 25/10/2019 | HC1060.G411 | K/691/691/19 | 30/07/2021 | 2 | 30/07/2021 | Books |
